Mainfähren - Statistiken

Allgemein
  • Dieses Quiz wurde 4 mal gespielt
  • Das Durchschnittsergebnis liegt bei 6 aus 13
Antwortstatistiken
Bundesland Ort % Korrekt
Hessen Mainfähre Höchst
75%
Hessen Mainfähre Rumpenheim
75%
Hessen/Bayern Mainfähre Seligenstadt
75%
Bayern Mainfähre Fahr
50%
Bayern Mainfähre Mainsondheim
50%
Bayern Mainfähre Mainstockheim
50%
Bayern Mainfähre Nordheim am Main
50%
Bayern Mainfähre Obereisenheim
50%
Bayern Mainfähre Ochsenfurt
50%
Bayern Mainfähre Wipfeld
50%
Hessen Mainfähre Okriftel
25%
Bayern Mainfähre Stadtprozelten
25%
Hessen Mainfähre Mühlheim
0%
Keine übereinstimmenden Quizze gefunden
Verteilung der Resultate
Anzahl Personen mit jedem Resultat
Perzentil nach korrekt beantworteten Fragen
Ihre Resultats-Entwicklung
Sie haben dieses Quiz noch nicht gespielt